| 000 | 00779nam a2200217Ia 4500 | ||
|---|---|---|---|
| 003 | OSt | ||
| 005 | 20250909104439.0 | ||
| 008 | 220922b |||||||| |||| 00| 0 hin d | ||
| 037 | _cTB | ||
| 040 |
_aARTS _cARTS _bhin |
||
| 041 |
_2hin _ahin |
||
| 084 |
_aO152,1J58x J9 _qAL |
||
| 100 |
_aयाज्ञिक, भवानीशंकर _9820459 |
||
| 245 | 0 | _aरसखान रत्नावली | |
| 246 | _aRasakhān ratnāvalī | ||
| 260 |
_aप्रयाग _b हिंदी साहित्य सम्मेलन _c1959 |
||
| 300 |
_a227पृ. _ccm. |
||
| 650 |
_aहिन्दी साहित्य _9156264 |
||
| 942 |
_hO152,1J58x J9 _cTB _2CC _n0 |
||
| 999 |
_c321395 _d321395 |
||